Statistics for Artists by Pictures of Artwork 3

Click here to take the quiz!

General Stats

  • This quiz has been taken 385 times
  • The average score is 4 of 20

Answer Stats

Answer% Correct
Salvador Dali
95%
Paul Gauguin
61%
Piet Mondrian
47%
Marcel Duchamp
36%
Jacques-Louis David
27%
El Greco
26%
Mark Rothko
25%
Egon Schiele
22%
David Hockney
18%
Georgia O'Keeffe
17%
Francis Bacon
15%
Aubrey Beardsley
13%
Camille Pissarro
8%
Franz Marc
8%
Paul Signac
6%
Frances Macdonald
3%
Zdzisław Beksiński
3%
Andre Derain
2%
Remedios Varo
2%
Barkley Hendricks
1%

Score Distribution

Percentile by Number Answered

Percent of People with Each Score

Your Score History

You have not taken this quiz